NHL Frank J. Selke Trophy Winners - Statistics

General Stats
  • This quiz has been taken 203 times
    32 since last reset
  • The average score is 28 of 47
Answer Stats
Year Team Player % Correct
2013 Blackhawks Jonathan Toews
100%
2025 Panthers Aleksander Barkov
96%
2024 Panthers Aleksander Barkov
96%
2021 Panthers Aleksander Barkov
96%
2018 Kings Anze Kopitar
96%
2016 Kings Anze Kopitar
96%
2023 Bruins Patrice Bergeron
96%
2022 Bruins Patrice Bergeron
96%
2017 Bruins Patrice Bergeron
96%
2015 Bruins Patrice Bergeron
96%
2014 Bruins Patrice Bergeron
96%
2012 Bruins Patrice Bergeron
96%
2010 Red Wings Pavel Datsyuk
85%
2009 Red Wings Pavel Datsyuk
85%
2008 Red Wings Pavel Datsyuk
85%
2007 Hurricanes Rod Brind'Amour
85%
2006 Hurricanes Rod Brind'Amour
85%
2019 Blues Ryan O'Reilly
78%
2020 Flyers Sean Couturier
78%
2000 Red Wings Steve Yzerman
74%
2011 Canucks Ryan Kesler
59%
1983 Flyers Bobby Clarke
52%
1993 Maple Leafs Doug Gilmour
52%
1992 Canadiens Guy Carbonneau
52%
1989 Canadiens Guy Carbonneau
52%
1988 Canadiens Guy Carbonneau
52%
2003 Stars Jere Lehtinen
52%
1999 Stars Jere Lehtinen
52%
1998 Stars Jere Lehtinen
52%
1996 Red Wings Sergei Fedorov
52%
1994 Red Wings Sergei Fedorov
52%
1981 Canadiens Bob Gainey
48%
1980 Canadiens Bob Gainey
48%
1979 Canadiens Bob Gainey
48%
1978 Canadiens Bob Gainey
48%
1995 Penguins Ron Francis
48%
2004 Red Wings Kris Draper
44%
2002 Islanders Michael Peca
41%
1997 Sabres Michael Peca
41%
1984 Capitals Doug Jarvis
19%
2001 Devils John Madden
19%
1991 Blackhawks Dirk Graham
15%
1990 Blues Rick Meagher
11%
1985 Sabres Craig Ramsay
7%
1987 Flyers Dave Poulin
7%
1986 Blackhawks Troy Murray
7%
1982 Bruins Steve Kasper
4%
No matching quizzes found
Score Distribution
Percent of People with Each Score
Percentile by Number Answered
Your Score History
You have not taken this quiz since the last reset